000 00500nam a2200181Ia 4500
003 LDD
008 181101s9999 xx 000 0 und d
020 _a9789382775195
_c329.00
040 _cLDD
100 _aUsmani, Shamsul Haq
245 0 _aNazir fahmi
_cShamsul Haq Usmani
260 _aDelhi
_bDilli Kitab Ghar
_c2012
300 _a558p. vol-
901 _a15921
_b17-03-2017
902 _a2841
_b17-03-2017
_cF
_dPIBD
_e8U
903 _a20
_bReqst by : Mohd. Akbar
942 _2ddc
_cUR
999 _c327
_d327